El daño por pérdida de oportunidad procesal en la responsabilidad civil del abogado. Análisis comparado entre España y Perú (Registro nro. 22602)

000 -Cabecera
Campo de control interno 03056nam a2200301 4500
001 - Número de control
control field ESSALUD
005 - Fecha y hora de la última transacción
Campo de control 20260701150122.0
007 - Tipo material - Descripcion fisica - info general
Tipo material - Descripcion fisica - info general ta
008 - Elementos de Longitud Fija - Información General
Elementos de Longitud Fija - Información t pe ||||| |||| 00| 0 spa d
040 ## - Origen de la Catalogación
Origen de la Catalogación BMG
041 ## - Idioma
Idioma spa
100 ## - Autor
Autor Roca Ledesma, Carla Mijal
Rol del Autor Autor
9 (RLIN) 48376
245 ## - Titulo
Titulo El daño por pérdida de oportunidad procesal en la responsabilidad civil del abogado. Análisis comparado entre España y Perú
246 ## - Variante del Titulo
Titulo Damage from loss of procedural opportunity in the civil liability of lawyers. A comparative analysis between Spain and Peru
300 ## - Páginas
Paginación páginas 110-131
520 ## - Resumen
Resumen La pérdida de oportunidad constituye una de las figuras más controvertidas y relevantes del moderno derecho de daños. En el ámbito de la responsabilidad civil profesional del abogado, esta categoría adquiere especial trascendencia cuando la actuación negligente del letrado frustra la posibilidad del cliente de obtener una resolución judicial favorable. El presente artículo analiza la pérdida de oportunidad procesal desde una perspectiva dogmática y jurisprudencial, con especial énfasis en su configuración como daño autónomo y patrimonial, su diferenciación frente a otros tipos de daños tradicionalmente reconocidos y los métodos de cuantificación empleados. El estudio adopta un enfoque comparado entre los ordenamientos jurídicos de España y Perú, evidenciando el mayor desarrollo jurisprudencial español y la todavía incipiente construcción doctrinal peruana. Finalmente, se formulan propuestas interpretativas orientadas a una correcta recepción de la figura en el Derecho peruano.
520 ## - Resumen
Resumen Loss of chance has become one of the most debated doctrines in contemporary tort low. With in the context of professional civil liability of lawyers, this concept plays o crucial role when negligent legal conduct deprives o client of the opportunity to obtain o favorable judicial outcome. This article examines procedural loss of chance from o doctrinal and jurisprudential perspective, focusing on its recognition as an autonomous and patrimonial damage, its distinction from traditional categories of damage, and the methods used for its quantification. A comparative analysis between Spanish and Peruvian legal systems highlights the advanced development of Spanish case low and the still incipient Peruvian approach. The article concludes with interpretative proposals aimed at facilitating the proper incorporation of this doctrine into Peruvian civil liability law.
650 ## - Temas - Descriptores
Temas - Descriptores PÉRDIDA DE OPORTUNIDAD
9 (RLIN) 53068
650 ## - Temas - Descriptores
Temas - Descriptores RESPONSABILIDAD CIVIL DEL ABOGADO
9 (RLIN) 53069
650 ## - Temas - Descriptores
Temas - Descriptores DAÑO PATRIMONIAL
9 (RLIN) 53070
650 ## - Temas - Descriptores
Temas - Descriptores CUANTIFICACIÓN DEL DAÑO
9 (RLIN) 53071
650 ## - Temas - Descriptores
Temas - Descriptores LOSS OF CHANCE
9 (RLIN) 53072
650 ## - Temas - Descriptores
Temas - Descriptores LAWYER'S CIVIL LIABILITY
9 (RLIN) 53073
650 ## - Temas - Descriptores
Temas - Descriptores PATRIMONIAL DAMAGE
9 (RLIN) 53074
650 ## - Temas - Descriptores
Temas - Descriptores DAMAGE ASSESSMENT
9 (RLIN) 53075
773 0# - Revista (Relacion con el numero)
Host Biblionumber 22573
Host Itemnumber 22621
Ciudad, Editorial Lima Grupo Praxis Formación Profesional, 2026-
Codigo barras item/ejemplar PRA002
Titulo de la Revista Praxis Civil & Procesal Civil
Número de control de registro ESSALUD
ISSN 3119-7671
942 ## - Elementos de Koha
Tipo de Documento Artículos
Fecha procesamiento 2026-07-01
Catalogador sqb

No hay ítems disponibles.